Normal view
MARC view
Entry Topical Term
001 - CONTROL NUMBER
- control field: 650878
003 - CONTROL NUMBER IDENTIFIER
- control field: OSt
005 - DATE AND TIME OF LATEST TRANSACTION
- control field: 20221006144117.0
008 - FIXED-LENGTH DATA ELEMENTS
- fixed length control field: 221006|| aca||aabn | a|a d
040 ## - CATALOGING SOURCE
- Original cataloging agency: OSt
- Transcribing agency: OSt
150 ## - HEADING--TOPICAL TERM
- Topical term or geographic name entry element: Priests Buddhist - China - Biography
670 ## - SOURCE DATA FOUND
- Source citation: Work cat.: (OSt)1078984: HSU Sung-peng 650877, Buddhist leader in Ming China, 1979
